000
00263nam a22001217a 4500
008
180302b xxu||||| |||| 00| 0 eng d
041
_a
eng
080
_a
159.9
100
_a
48
101
_a
PSI
245
_a
Gossip The inside scoop
_c
Levin,J
942
_2
udc
_c
BK
999
_c
44042
_d
44042